00414nam a22001217a 4500020001600000082001000016100002000026245011600046260003600162300003200198650003700230700002500267 qHard Cover. a621.3 aFazal, Qandeel  aRobust Fault Tolerant Control of an Unmanned Aerial Vehicle in the Presence of Actuator Faults /cQandeel Fazal aIslamabad :bCEME -NUST,c2016. axiii, 84 p. : ill. ;c30cm. aElectrical Engineering-MS-Thesis aDr. Muwahida Liaquat